000 00755nam a22002057a 4500
003 OSt
005 20250808062454.0
008 240528b |||||||| |||| 00| 0 eng d
020 _a9786214271436
040 _aDWC-Main lib.
_cOC
082 _aFil. 004 L785 2023
100 _aAbante, Mamerlo V.
245 _aLiving in the information technology era/
_cMamerlo V. Abante [and sixteen others]
260 _aIntramuros, Manila, Philippines :
_bUnlimited Books Library Services and Publishing Inc.,
_cc2023.
300 _avi, 444 pages :
_billustrations ;
_c26cm.
504 _aIncludes bibliographical references.
654 _a1. Information technology.
654 _a 2. Technological innovation --- Social Aspects.
942 _2ddc
_cBK - FIL
_kFil.
_n0
999 _c56
_d56